000 00515nam a2200217Ia 4500
003 OSt
005 20221002055120.0
006 a|||||r|||| 00| 0
007 ta
008 220930b |||||||| |||| 00| 0 urd d
024 _a72379
037 _cReference Collections
040 _aCRL
_cCRL
_burd
041 _2urd
_aurd
082 _aQ3wRA, N4(RR)
245 0 _aNivedan
260 _c1994
650 _aRELIGION
942 _hQ3wRA, N4(RR)
_cref
_2CC
999 _c926798
_d926798